000 00630cac a2200193 a 4500
003 CO-PeBPM
005 20251030094419.0
008 231129e1979||||xx |||||||||||||| ||spa||
020 _a
040 0 _aCO-PeBPM
_bspa
_cCO-PeBPM
_erda
041 0 _aspa
082 0 4 _a302.224 F363c
100 1 _aFernández de la Torriente, Gastón
_eautor
245 1 0 _aCómo hablar correctamente en público
_b: Comunicación oral
_cGaston Fernandez de la torriente
260 _aColombia
_bCirculo de lectores
_c1997
300 _a208 Páginas
_c; 24.5 Centímetros
500 _aIncluye Índice
942 _2ddc
_cBK
999 _c7554
_d7554